| 000 | 01893nam a2200397Ii 4500 | ||
|---|---|---|---|
| 001 | DIGUNINOR0048 | ||
| 003 | NyNyDIG | ||
| 006 | m o d | ||
| 007 | cr ||||||||||| | ||
| 008 | 130701s2011 ck o 000 0 spa d | ||
| 020 | _z9789587411850 | ||
| 020 | _z9587411854 | ||
| 035 | _a(OCoLC)888283605 | ||
| 040 |
_aDGITA _beng _epn _cDGITA |
||
| 050 | 1 | 4 | _aHD2755.5 eBook |
| 050 | 1 | 4 | _aHF1379 eBook |
| 245 | 0 | 0 |
_aNegocios internacionales : _bestrategia para su internacionalización / _cJair Lombana Coy, editor ; Silvia Rozas Gutiérrez ... [et al.]. |
| 264 | 1 |
_aBarranquilla, Colombia : _bEdiciones Uninorte; _a[Bogota] : _aEcoe Ediciones, _c2011. |
|
| 300 |
_a1 online resource (xi, 229 pages) : _bill. |
||
| 336 |
_atext _btxt _2rdacontent |
||
| 337 |
_acomputer _bc _2rdamedia |
||
| 338 |
_aonline resource _bcr _2rdacarrier |
||
| 504 | _aIncludes bibliographical references. | ||
| 505 | 0 | _a1. Comercio internacional e integración económica / Silvia Rozas Gutiérrez -- 2. Finanzas internacionales: balanza de pagos y tasa de cambio /César Corredor Velandia -- 3. La competitividad en el proceso de internacionalización /Jahir Lombana Coy -- 4. Marketing internacional: una mirada al comercio global / Harold Silva Guerra -- 5. La logística del comercio exterior / Andrés Castellanos Ramírez -- 6. Estrategias en los negocios internacionales / Jaime González Ortiz. | |
| 650 | 0 | _aInternational trade. | |
| 650 | 0 | _aInternational business enterprises. | |
| 650 | 0 | _aInternational finance. | |
| 655 | 0 | _aElectronic books. | |
| 700 | 1 | _aLombana Coy, Jahir. | |
| 700 | 1 | _aRozas Gutiérrez, Silvia. | |
| 791 | 2 |
_aDigitalia (Firm), _edistributor. |
|
| 793 | 0 |
_gDigitalia eBook Collection: _aEdiciones Uninorte. |
|
| 856 | 4 | 0 |
_3Digitalia Hispánica _uhttps://www.digitaliapublishing.com/a/13674/ |
| 910 | _aPremium Collection: 2007-2012 | ||
| 942 | _cRAA | ||
| 999 |
_c233381 _d233381 |
||